|
|
|
|
| LEADER |
00663nam a22001937a 4500 |
| 999 |
|
|
|c 144165
|d 144165
|
| 020 |
|
|
|a 9788126205486
|
| 082 |
|
|
|a M3 (FTr.)
|b LOU/J
|
| 100 |
|
|
|a Louisa May Alcott
|
| 245 |
|
|
|a Jo Enna Penkutty/
|c by Louisa May Alcott
|
| 260 |
|
|
|a Thiruvananthapuram:
|b Chintha Publishers,
|c 2010.
|
| 300 |
|
|
|a 184p.
|
| 650 |
|
|
|a Translation American Novel
|
| 650 |
|
|
|a Novel Malayalam
|
| 650 |
|
|
|a Literature Malayalam
|
| 650 |
|
|
|a Literature
|
| 700 |
|
|
|a Sumathi K P (tr.)
|
| 942 |
|
|
|c BK
|
| 952 |
|
|
|0 0
|1 0
|4 0
|6 M_3_000000000000000_FTR__LOU_J
|7 0
|9 101153
|a SSUS
|b SSUS
|c STACKS
|d 2019-11-23
|g 120.00
|l 1
|o M3 (FTr.) LOU/J
|p 097831
|r 2020-01-13
|s 2019-12-30
|w 2019-11-23
|y BK
|